[Event "DEM U10 2021"]
[Site "Willingen GER"]
[Date "2021.08.26"]
[Round "6"]
[White "Junge, Mattheo Gabriel"]
[Black "Xu, Wanghan"]
[Result "1-0"]
[Termination "normal"]
[Board "19"]
[WhiteElo "1451"]
[BlackElo "1289"]
[WhiteClock "00:36:37"]
[BlackClock "01:07:38"]
[PlyCount "101"]
[WhiteFideId "34605908"]
[BlackFideId "34608745"]
[EventCountry "GER"]
[EventRounds "11"]
[EventType "swiss"]
[EventDate "2021.08.22"]

1. e4 {[%clk 01:15:59]} {[%emt 00:00:01]} e5 {[%clk 01:15:54]} {[%emt
00:00:07]} 2. Nf3 {[%clk 01:16:22]} {[%emt 00:00:06]} Nc6 {[%clk 01:16:14]}
{[%emt 00:00:10]} 3. Bc4 {[%clk 01:16:48]} {[%emt 00:00:04]} Be7 {[%clk
01:16:36]} {[%emt 00:00:08]} 4. c3 {[%clk 01:16:43]} {[%emt 00:00:35]} Nf6
{[%clk 01:16:58]} {[%emt 00:00:08]} 5. d3 {[%clk 01:17:01]} {[%emt 00:00:12]}
d6 {[%clk 01:17:18]} {[%emt 00:00:10]} 6. Nbd2 {[%clk 01:17:25]} O-O {[%clk
01:17:24]} {[%emt 00:00:29]} 7. Nf1 {[%clk 01:17:48]} Bg4 {[%clk 01:17:37]}
{[%emt 00:00:25]} 8. h3 {[%clk 01:18:09]} {[%emt 00:00:09]} Bxf3 {[%clk
01:17:39]} {[%emt 00:00:27]} 9. gxf3 {[%clk 01:17:58]} {[%emt 00:00:41]} d5
{[%clk 01:15:41]} {[%emt 00:02:29]} 10. Bb3 {[%clk 01:17:27]} {[%emt 00:01:01]}
Bc5 {[%clk 01:14:41]} {[%emt 00:01:30]} 11. Bg5 {[%clk 01:16:15]} {[%emt
00:01:42]} h6 {[%clk 01:15:04]} {[%emt 00:00:08]} 12. Bd2 {[%clk 01:12:22]}
{[%emt 00:04:22]} Re8 {[%clk 01:13:44]} {[%emt 00:01:49]} 13. Rg1 {[%clk
01:12:07]} {[%emt 00:00:46]} Kh8 {[%clk 01:11:30]} {[%emt 00:02:44]} 14. Qc1
{[%clk 01:08:05]} {[%emt 00:04:32]} Kh7 {[%clk 01:11:08]} {[%emt 00:00:52]} 15.
Ng3 {[%clk 01:07:54]} {[%emt 00:00:39]} Ne7 {[%clk 01:07:42]} {[%emt 00:03:57]}
16. exd5 {[%clk 01:05:34]} {[%emt 00:02:51]} Nfxd5 {[%clk 01:07:39]} {[%emt
00:00:32]} 17. Ne4 {[%clk 01:04:06]} {[%emt 00:01:59]} Bb6 {[%clk 01:07:30]}
{[%emt 00:00:39]} 18. c4 {[%clk 01:03:32]} {[%emt 00:01:03]} Nf4 {[%clk
01:07:16]} {[%emt 00:00:45]} 19. Bxf4 {[%clk 01:03:34]} {[%emt 00:00:28]} exf4
{[%clk 01:07:38]} {[%emt 00:00:08]} 20. Ke2 {[%clk 00:36:37]} {[%emt 00:27:27]}
Ng6 21. c5 {[%clk 00:36:37]} Ne5 22. Rd1 {[%clk 00:36:37]} Ba5 23. Qxf4 {[%clk
00:36:37]} Qd7 24. d4 {[%clk 00:36:37]} Qb5+ 25. Ke3 {[%clk 00:36:37]} Nc4+ 26.
Bxc4 {[%clk 00:36:37]} Qxc4 27. a3 {[%clk 00:36:37]} Qb3+ 28. Rd3 {[%clk
00:36:37]} Qxb2 29. Rg1 {[%clk 00:36:37]} Qa2 30. d5 {[%clk 00:36:37]} Re7 31.
Rxg7+ {[%clk 00:36:37]} Kxg7 32. Qf6+ {[%clk 00:36:37]} Kg8 33. Qxe7 {[%clk
00:36:37]} Qa1 34. Nf6+ {[%clk 00:36:37]} Kg7 35. Ne4 {[%clk 00:36:37]} Qc1+
36. Kd4 {[%clk 00:36:37]} Qb2+ 37. Nc3 {[%clk 00:36:37]} Bxc3+ 38. Rxc3 {[%clk
00:36:37]} Qd2+ 39. Rd3 {[%clk 00:36:37]} Qb2+ 40. Ke4 {[%clk 00:36:37]} Qe2+
41. Re3 {[%clk 00:36:37]} Qc2+ 42. Kf4 {[%clk 00:36:37]} Qg6 43. Qe5+ {[%clk
00:36:37]} Kg8 44. Qf5 {[%clk 00:36:37]} Qa6 45. Kg3 {[%clk 00:36:37]} Kh8 46.
Qxf7 {[%clk 00:36:37]} Rg8+ 47. Kh2 {[%clk 00:36:37]} Qf1 48. Qf6+ {[%clk
00:36:37]} Rg7 49. Qxh6+ {[%clk 00:36:37]} Kg8 50. Re8+ {[%clk 00:36:37]} Kf7
51. Qe6# {[%clk 00:36:37]} 1-0

[Event "DEM U10 2021"]
[Site "Willingen GER"]
[Date "2021.08.26"]
[Round "6"]
[White "Sheng, Ming"]
[Black "Wang, Kaiwen"]
[Result "1/2-1/2"]
[Termination "normal"]
[Board "20"]
[WhiteElo "1266"]
[BlackElo "1068"]
[WhiteClock "00:53:24"]
[BlackClock "00:44:42"]
[PlyCount "122"]
[WhiteFideId "34605258"]
[BlackFideId "16279514"]
[EventCountry "GER"]
[EventRounds "11"]
[EventType "swiss"]
[EventDate "2021.08.22"]

1. e4 {[%clk 01:15:53]} {[%emt 00:00:07]} e5 {[%clk 01:15:57]} {[%emt
00:00:04]} 2. Nf3 {[%clk 01:16:13]} {[%emt 00:00:05]} Nc6 {[%clk 01:16:23]}
{[%emt 00:00:08]} 3. Bc4 {[%clk 01:16:31]} {[%emt 00:00:12]} Bc5 {[%clk
01:16:49]} {[%emt 00:00:04]} 4. c3 {[%clk 01:16:44]} {[%emt 00:00:18]} Nf6
{[%clk 01:17:14]} {[%emt 00:00:05]} 5. d4 {[%clk 01:17:00]} {[%emt 00:00:10]}
exd4 {[%clk 01:17:34]} {[%emt 00:00:13]} 6. cxd4 {[%clk 01:17:19]} {[%emt
00:00:09]} Bb4+ {[%clk 01:18:01]} {[%emt 00:00:06]} 7. Bd2 {[%clk 01:17:39]}
{[%emt 00:00:07]} Nxe4 {[%clk 01:17:58]} {[%emt 00:00:35]} 8. Bxb4 {[%clk
01:18:00]} {[%emt 00:00:07]} Nxb4 {[%clk 01:17:59]} {[%emt 00:00:32]} 9. Bxf7+
{[%clk 01:17:53]} {[%emt 00:00:35]} Kxf7 {[%clk 01:18:23]} {[%emt 00:00:07]}
10. Qb3+ {[%clk 01:18:03]} {[%emt 00:00:15]} d5 {[%clk 01:18:40]} {[%emt
00:00:18]} 11. Qxb4 {[%clk 01:18:22]} {[%emt 00:00:10]} Rf8 {[%clk 01:18:59]}
{[%emt 00:00:13]} 12. O-O {[%clk 01:18:15]} {[%emt 00:00:28]} Kg8 {[%clk
01:18:56]} {[%emt 00:00:41]} 13. Nc3 {[%clk 01:18:29]} {[%emt 00:00:11]} Nxc3
{[%clk 01:16:45]} {[%emt 00:02:46]} 14. bxc3 {[%clk 01:18:29]} {[%emt
00:00:19]} c6 {[%clk 01:16:10]} {[%emt 00:01:16]} 15. Rfe1 {[%clk 01:16:20]}
{[%emt 00:02:15]} b6 {[%clk 01:14:29]} {[%emt 00:02:36]} 16. Re3 {[%clk
01:14:08]} {[%emt 00:02:30]} Qf6 {[%clk 01:13:05]} {[%emt 00:02:05]} 17. Rae1
{[%clk 01:11:44]} {[%emt 00:02:45]} Bd7 {[%clk 01:11:42]} {[%emt 00:02:03]} 18.
Qe7 {[%clk 01:10:47]} {[%emt 00:01:19]} Bg4 {[%clk 01:10:40]} {[%emt 00:01:38]}
19. Qxf6 {[%emt 00:00:34]} Rxf6 {[%emt 00:00:29]} 20. Ne5 {[%clk 01:08:39]}
{[%emt 00:01:21]} Bf5 {[%clk 01:10:04]} {[%emt 00:01:21]} 21. h3 {[%clk
01:06:48]} {[%emt 00:02:13]} Re8 {[%clk 01:07:07]} {[%emt 00:03:35]} 22. g4
{[%clk 01:05:28]} {[%emt 00:01:35]} Be6 {[%emt 00:03:19]} 23. Nxc6 {[%clk
01:03:28]} {[%emt 00:01:07]} a5 {[%emt 00:05:44]} 24. Nd8 {[%clk 00:59:28]}
{[%emt 00:00:15]} Rxd8 {[%clk 01:04:33]} {[%emt 00:00:54]} 25. Rxe6 {[%clk
00:59:18]} {[%emt 00:00:21]} Rdf8 {[%clk 01:00:07]} {[%emt 00:05:14]} 26. Rxf6
{[%emt 00:01:19]} Rxf6 {[%emt 00:00:29]} 27. Re5 {[%clk 00:57:45]} {[%emt
00:00:14]} Rd6 {[%clk 01:00:13]} {[%emt 00:00:26]} 28. f4 {[%clk 00:57:36]}
{[%emt 00:00:30]} Kf7 {[%clk 00:59:59]} {[%emt 00:00:53]} 29. Kg2 {[%clk
00:57:07]} {[%emt 00:00:50]} b5 {[%clk 01:00:03]} {[%emt 00:00:35]} 30. f5
{[%clk 00:56:19]} {[%emt 00:01:11]} b4 {[%clk 00:59:32]} {[%emt 00:01:08]} 31.
cxb4 {[%clk 00:56:12]} {[%emt 00:00:35]} axb4 {[%clk 00:59:56]} {[%emt
00:00:08]} 32. Kf3 {[%clk 00:56:08]} {[%emt 00:00:20]} Kf6 {[%clk 00:58:13]}
{[%emt 00:02:27]} 33. Kf4 {[%clk 00:55:14]} {[%emt 00:01:18]} h6 {[%clk
00:56:50]} {[%emt 00:01:58]} 34. h4 {[%clk 00:55:17]} {[%emt 00:00:26]} g5+
{[%clk 00:52:37]} {[%emt 00:04:44]} 35. fxg6 {[%clk 00:55:29]} {[%emt
00:00:17]} Kxg6 {[%clk 00:53:02]} {[%emt 00:00:07]} 36. g5 {[%clk 00:54:56]}
{[%emt 00:00:56]} h5 {[%clk 00:52:45]} {[%emt 00:00:54]} 37. Ke3 {[%clk
00:54:29]} {[%emt 00:00:55]} Ra6 {[%clk 00:51:47]} {[%emt 00:01:31]} 38. Rxd5
{[%clk 00:53:48]} {[%emt 00:01:02]} Rxa2 {[%clk 00:52:04]} {[%emt 00:00:22]}
39. Rb5 {[%clk 00:53:53]} {[%emt 00:00:23]} Rh2 {[%clk 00:51:48]} {[%emt
00:00:46]} 40. Rxb4 {[%clk 00:53:57]} {[%emt 00:00:25]} Rxh4 {[%clk 00:52:10]}
{[%emt 00:00:10]} 41. Rb5 {[%clk 00:53:42]} {[%emt 00:00:45]} Rh3+ {[%clk
00:52:28]} {[%emt 00:00:12]} 42. Kf4 {[%clk 00:53:56]} {[%emt 00:00:14]} Rh4+
{[%clk 00:52:42]} {[%emt 00:00:18]} 43. Ke5 {[%clk 00:54:09]} {[%emt 00:00:16]}
Kxg5 {[%clk 00:51:46]} {[%emt 00:01:27]} 44. Ke6+ {[%emt 00:00:12]} Kg6 {[%emt
00:00:09]} 45. d5 {[%clk 00:53:43]} {[%emt 00:00:34]} Re4+ {[%clk 00:52:05]}
{[%emt 00:00:11]} 46. Kd6 {[%clk 00:53:36]} {[%emt 00:00:38]} h4 {[%clk
00:51:22]} {[%emt 00:01:13]} 47. Rb3 {[%clk 00:53:56]} {[%emt 00:00:09]} Kf7
{[%clk 00:50:08]} {[%emt 00:01:45]} 48. Rc3 {[%clk 00:53:33]} {[%emt 00:00:50]}
Re8 {[%clk 00:48:04]} {[%emt 00:02:37]} 49. Rc7+ {[%clk 00:53:34]} {[%emt
00:00:28]} Kg6 {[%clk 00:48:11]} {[%emt 00:00:24]} 50. Rc6 {[%clk 00:53:18]}
{[%emt 00:00:45]} Kf7 {[%clk 00:47:07]} {[%emt 00:01:35]} 51. Rc7+ {[%clk
00:53:18]} {[%emt 00:00:29]} Kg6 {[%clk 00:47:29]} {[%emt 00:00:10]} 52. Rc6
{[%clk 00:53:05]} {[%emt 00:00:42]} Kf7 {[%clk 00:45:16]} {[%emt 00:02:43]} 53.
Rc4 {[%clk 00:53:16]} {[%emt 00:00:19]} Rh8 {[%clk 00:45:16]} {[%emt 00:00:29]}
54. Rc2 {[%clk 00:53:15]} {[%emt 00:00:30]} h3 {[%clk 00:44:48]} {[%emt
00:00:59]} 55. Rh2 {[%clk 00:53:34]} {[%emt 00:00:12]} Kf6 {[%clk 00:45:01]}
{[%emt 00:00:17]} 56. Kc7 {[%clk 00:53:32]} {[%emt 00:00:32]} Rh7+ {[%clk
00:43:04]} {[%emt 00:02:28]} 57. Kc6 {[%clk 00:53:28]} {[%emt 00:00:31]} Kg5
{[%clk 00:43:27]} {[%emt 00:00:09]} 58. d6 {[%clk 00:53:35]} {[%emt 00:00:22]}
Kg4 {[%clk 00:43:43]} {[%emt 00:00:15]} 59. d7 {[%clk 00:53:38]} {[%emt
00:00:26]} Rh8 {[%clk 00:44:09]} {[%emt 00:00:05]} 60. Kc7 {[%clk 00:53:39]}
{[%emt 00:00:29]} Kg3 {[%clk 00:44:27]} {[%emt 00:00:12]} 61. Rxh3+ {[%clk
00:53:24]} {[%emt 00:00:44]} Kxh3 {[%clk 00:44:42]} {[%emt 00:00:16]} 1/2-1/2

[Event "DEM U10 2021"]
[Site "Willingen GER"]
[Date "2021.08.26"]
[Round "6"]
[White "Guo, Felix"]
[Black "Seth, Aakrit"]
[Result "1/2-1/2"]
[Termination "normal"]
[Board "21"]
[WhiteElo "1045"]
[BlackElo "1330"]
[WhiteClock "00:33:33"]
[BlackClock "00:39:05"]
[PlyCount "117"]
[WhiteFideId "16277104"]
[BlackFideId "34604812"]
[EventCountry "GER"]
[EventRounds "11"]
[EventType "swiss"]
[EventDate "2021.08.22"]

1. e4 {[%clk 01:15:57]} {[%emt 00:00:02]} c5 {[%clk 01:15:53]} {[%emt
00:00:06]} 2. Nf3 {[%clk 01:16:21]} {[%emt 00:00:08]} d6 {[%clk 01:16:09]}
{[%emt 00:00:14]} 3. d4 {[%clk 01:16:43]} {[%emt 00:00:08]} cxd4 {[%clk
01:16:31]} {[%emt 00:00:07]} 4. Nxd4 {[%clk 01:16:50]} {[%emt 00:00:24]} Nf6
{[%clk 01:16:53]} {[%emt 00:00:07]} 5. Nc3 {[%clk 01:16:48]} {[%emt 00:00:33]}
g6 {[%clk 01:17:13]} {[%emt 00:00:09]} 6. Be3 {[%clk 01:17:03]} {[%emt
00:00:15]} Bg7 {[%clk 01:17:31]} {[%emt 00:00:13]} 7. f3 {[%clk 01:17:07]}
{[%emt 00:00:25]} O-O {[%emt 00:00:12]} 8. Qd2 {[%emt 00:00:12]} Nc6 {[%clk
01:17:17]} {[%emt 00:00:18]} 9. Nxc6 {[%clk 01:15:42]} {[%emt 00:01:57]} bxc6
{[%clk 01:17:33]} {[%emt 00:00:14]} 10. O-O-O {[%clk 01:15:38]} {[%emt
00:00:34]} Qa5 {[%clk 01:16:47]} {[%emt 00:01:15]} 11. Bc4 {[%clk 01:12:58]}
{[%emt 00:03:12]} Be6 {[%clk 01:14:59]} {[%emt 00:02:17]} 12. Bxe6 {[%clk
01:12:24]} {[%emt 00:01:04]} fxe6 {[%clk 01:15:06]} {[%emt 00:00:23]} 13. g4
{[%clk 01:12:23]} {[%emt 00:00:32]} Rab8 {[%clk 01:13:23]} {[%emt 00:02:10]}
14. Bh6 {[%clk 00:50:17]} {[%emt 00:22:38]} Qb4 {[%clk 01:13:17]} {[%emt
00:00:35]} 15. Qe3 {[%clk 00:48:44]} {[%emt 00:02:04]} Qxb2+ {[%clk 01:07:51]}
{[%emt 00:05:56]} 16. Kd2 {[%clk 00:49:01]} {[%emt 00:00:12]} Bxh6 {[%clk
01:01:43]} {[%emt 00:06:38]} 17. Qxh6 {[%clk 00:49:09]} {[%emt 00:00:22]} Nd7
{[%clk 01:02:02]} {[%emt 00:00:12]} 18. f4 {[%clk 00:48:05]} {[%emt 00:01:34]}
Nc5 {[%clk 00:59:11]} {[%emt 00:03:21]} 19. Rde1 {[%clk 00:46:45]} {[%emt
00:01:49]} Qb4 {[%clk 00:57:04]} {[%emt 00:02:38]} 20. Re3 {[%clk 00:43:59]}
{[%emt 00:03:15]} Qd4+ {[%clk 00:52:41]} {[%emt 00:04:53]} 21. Ke2 {[%clk
00:43:22]} {[%emt 00:01:07]} Qf6 {[%clk 00:51:14]} {[%emt 00:01:55]} 22. f5
{[%clk 00:42:03]} {[%emt 00:01:51]} Rb2 {[%clk 00:40:15]} {[%emt 00:11:29]} 23.
g5 {[%clk 00:30:10]} {[%emt 00:12:23]} Rxc2+ {[%clk 00:37:18]} {[%emt
00:03:28]} 24. Kf3 {[%clk 00:30:26]} {[%emt 00:00:13]} Qg7 {[%clk 00:37:02]}
{[%emt 00:00:46]} 25. Qxg7+ {[%clk 00:30:11]} {[%emt 00:00:44]} Kxg7 {[%clk
00:37:20]} {[%emt 00:00:12]} 26. Kg4 {[%clk 00:29:44]} {[%emt 00:00:57]} Rg2+
{[%clk 00:37:08]} {[%emt 00:00:41]} 27. Rg3 {[%clk 00:29:32]} {[%emt 00:00:42]}
Rxg3+ {[%clk 00:37:29]} {[%emt 00:00:11]} 28. hxg3 {[%clk 00:29:55]} {[%emt
00:00:08]} exf5+ {[%clk 00:37:42]} {[%emt 00:00:16]} 29. exf5 {[%clk 00:30:06]}
{[%emt 00:00:19]} Rxf5 {[%clk 00:37:25]} {[%emt 00:00:47]} 30. Ne2 {[%clk
00:29:27]} {[%emt 00:01:06]} Ne6 {[%clk 00:37:14]} {[%emt 00:00:43]} 31. Rc1
{[%clk 00:29:16]} {[%emt 00:00:40]} Rxg5+ {[%clk 00:37:00]} {[%emt 00:00:47]}
32. Kh4 {[%clk 00:29:19]} {[%emt 00:00:26]} Rc5 {[%clk 00:37:15]} {[%emt
00:00:16]} 33. Rb1 {[%clk 00:29:09]} {[%emt 00:00:37]} h5 {[%clk 00:37:06]}
{[%emt 00:00:42]} 34. Rb7 {[%clk 00:29:08]} {[%emt 00:00:31]} Rc2 {[%clk
00:37:18]} {[%emt 00:00:18]} 35. Rxe7+ {[%clk 00:29:18]} {[%emt 00:00:20]} Kf6
{[%clk 00:37:39]} {[%emt 00:00:09]} 36. Rxe6+ {[%clk 00:29:42]} {[%emt
00:00:08]} Kxe6 {[%clk 00:37:16]} {[%emt 00:00:52]} 37. Nd4+ {[%clk 00:29:09]}
{[%emt 00:01:05]} Ke5 {[%clk 00:37:04]} {[%emt 00:00:41]} 38. Nxc2 {[%clk
00:29:33]} {[%emt 00:00:06]} d5 {[%clk 00:37:22]} {[%emt 00:00:12]} 39. Kg5
{[%clk 00:29:55]} {[%emt 00:00:08]} d4 {[%clk 00:37:35]} {[%emt 00:00:16]} 40.
Ne1 {[%clk 00:26:40]} {[%emt 00:03:44]} Ke4 {[%clk 00:37:37]} {[%emt 00:00:27]}
41. Kxg6 {[%clk 00:27:04]} {[%emt 00:00:09]} d3 {[%clk 00:37:31]} {[%emt
00:00:36]} 42. Nxd3 {[%clk 00:27:28]} {[%emt 00:00:06]} Kxd3 {[%clk 00:37:51]}
{[%emt 00:00:09]} 43. Kxh5 {[%clk 00:27:54]} {[%emt 00:00:03]} c5 {[%clk
00:37:51]} {[%emt 00:00:31]} 44. g4 {[%clk 00:28:19]} {[%emt 00:00:05]} c4
{[%clk 00:38:15]} {[%emt 00:00:06]} 45. g5 {[%clk 00:28:46]} {[%emt 00:00:03]}
c3 {[%clk 00:38:39]} {[%emt 00:00:05]} 46. g6 {[%clk 00:29:11]} {[%emt
00:00:06]} c2 {[%clk 00:39:03]} {[%emt 00:00:07]} 47. g7 {[%clk 00:29:36]}
{[%emt 00:00:05]} c1=Q {[%clk 00:38:44]} {[%emt 00:00:48]} 48. g8=Q {[%emt
00:00:08]} Qh1+ {[%clk 00:38:53]} {[%emt 00:00:16]} 49. Kg6 {[%clk 00:30:28]}
{[%emt 00:00:05]} Qg1+ {[%clk 00:39:12]} {[%emt 00:00:11]} 50. Kf7 {[%clk
00:30:42]} {[%emt 00:00:17]} Qxg8+ {[%clk 00:39:24]} {[%emt 00:00:18]} 51. Kxg8
{[%clk 00:31:05]} {[%emt 00:00:08]} a5 {[%clk 00:39:31]} {[%emt 00:00:23]} 52.
Kf7 {[%clk 00:31:23]} {[%emt 00:00:12]} a4 {[%clk 00:39:45]} {[%emt 00:00:16]}
53. Ke6 {[%clk 00:31:27]} {[%emt 00:00:25]} a3 {[%clk 00:39:43]} {[%emt
00:00:32]} 54. Kd5 {[%clk 00:31:53]} {[%emt 00:00:05]} Kc2 {[%clk 00:40:00]}
{[%emt 00:00:12]} 55. Kc4 {[%clk 00:32:15]} {[%emt 00:00:08]} Kb2 {[%clk
00:38:53]} {[%emt 00:01:37]} 56. Kd3 {[%clk 00:32:27]} {[%emt 00:00:17]} Kxa2
{[%clk 00:38:43]} {[%emt 00:00:40]} 57. Kc2 {[%clk 00:32:52]} {[%emt 00:00:06]}
Ka1 {[%clk 00:38:50]} {[%emt 00:00:22]} 58. Kb3 {[%clk 00:33:14]} {[%emt
00:00:09]} Kb1 {[%clk 00:39:05]} {[%emt 00:00:15]} 59. Kxa3 {[%clk 00:33:33]}
{[%emt 00:00:11]} 1/2-1/2

[Event "DEM U10 2021"]
[Site "Willingen GER"]
[Date "2021.08.26"]
[Round "6"]
[White "Nonnenmacher, Philipp"]
[Black "Akcapinar, Timur"]
[Result "1/2-1/2"]
[Termination "normal"]
[Board "22"]
[WhiteElo "1314"]
[BlackElo "1216"]
[WhiteClock "00:43:28"]
[BlackClock "00:10:34"]
[PlyCount "130"]
[WhiteFideId "34608869"]
[BlackFideId "16287509"]
[EventCountry "GER"]
[EventRounds "11"]
[EventType "swiss"]
[EventDate "2021.08.22"]

1. e4 {[%clk 01:15:57]} {[%emt 00:00:03]} e5 {[%emt 00:00:08]} 2. Nf3 {[%clk
01:16:13]} {[%emt 00:00:10]} Nc6 {[%clk 01:16:14]} {[%emt 00:00:12]} 3. Bc4
{[%clk 01:16:35]} {[%emt 00:00:08]} Bc5 {[%clk 01:16:31]} {[%emt 00:00:13]} 4.
O-O {[%clk 01:16:51]} {[%emt 00:00:13]} Nf6 {[%clk 01:16:37]} {[%emt 00:00:24]}
5. d3 {[%clk 01:17:07]} {[%emt 00:00:15]} O-O {[%clk 01:14:34]} {[%emt
00:02:34]} 6. Bg5 {[%clk 01:17:26]} {[%emt 00:00:10]} h6 {[%clk 01:14:52]}
{[%emt 00:00:12]} 7. Bh4 {[%clk 01:17:50]} {[%emt 00:00:06]} d6 {[%clk
01:11:15]} {[%emt 00:04:07]} 8. h3 {[%clk 01:18:05]} {[%emt 00:00:14]} Be6
{[%clk 01:11:30]} {[%emt 00:00:15]} 9. Nc3 {[%clk 01:18:01]} {[%emt 00:00:35]}
Qe7 {[%clk 01:04:31]} {[%emt 00:07:29]} 10. Nd5 {[%clk 01:16:27]} {[%emt
00:02:03]} Bxd5 {[%clk 01:02:41]} {[%emt 00:02:21]} 11. Bxd5 {[%clk 01:16:26]}
{[%emt 00:00:31]} Nd4 {[%clk 00:56:15]} {[%emt 00:06:55]} 12. Nxd4 {[%clk
01:15:57]} {[%emt 00:01:00]} exd4 {[%clk 00:51:37]} {[%emt 00:05:08]} 13. Bxb7
{[%clk 01:14:38]} {[%emt 00:01:47]} Rab8 {[%clk 00:50:35]} {[%emt 00:01:33]}
14. Bd5 {[%clk 01:14:45]} {[%emt 00:00:23]} Qe5 {[%clk 00:43:44]} {[%emt
00:07:22]} 15. f4 {[%clk 01:13:52]} {[%emt 00:01:23]} Qh5 {[%clk 00:36:39]}
{[%emt 00:07:35]} 16. Qxh5 {[%clk 01:13:37]} {[%emt 00:00:44]} Nxh5 {[%clk
00:36:16]} {[%emt 00:00:54]} 17. Bb3 {[%clk 01:12:27]} {[%emt 00:01:40]} Nf6
{[%clk 00:27:50]} {[%emt 00:08:55]} 18. e5 {[%clk 01:10:16]} {[%emt 00:02:42]}
dxe5 {[%clk 00:26:58]} {[%emt 00:01:21]} 19. fxe5 {[%clk 01:10:09]} {[%emt
00:00:37]} Nh7 {[%clk 00:22:46]} {[%emt 00:04:43]} 20. e6 {[%clk 01:08:44]}
{[%emt 00:01:55]} fxe6 {[%clk 00:21:55]} {[%emt 00:01:20]} 21. Bxe6+ {[%clk
01:08:51]} {[%emt 00:00:23]} Kh8 {[%clk 00:22:22]} {[%emt 00:00:04]} 22. Rxf8+
{[%clk 01:09:10]} {[%emt 00:00:11]} Rxf8 {[%clk 00:22:40]} {[%emt 00:00:11]}
23. Rf1 {[%clk 01:08:56]} {[%emt 00:00:41]} Rb8 {[%clk 00:16:48]} {[%emt
00:06:23]} 24. b3 {[%clk 01:08:38]} {[%emt 00:00:50]} Rb6 {[%clk 00:16:53]}
{[%emt 00:00:24]} 25. Bf5 {[%clk 01:08:25]} {[%emt 00:00:44]} Ba3 {[%clk
00:14:55]} {[%emt 00:02:28]} 26. Bxh7 {[%clk 01:08:22]} {[%emt 00:00:32]} Kxh7
{[%clk 00:14:57]} {[%emt 00:00:29]} 27. Rf7 {[%clk 01:00:49]} {[%emt 00:08:03]}
Rc6 {[%clk 00:14:26]} {[%emt 00:01:01]} 28. Bg3 {[%clk 00:59:59]} {[%emt
00:01:20]} Rxc2 {[%clk 00:12:35]} {[%emt 00:02:20]} 29. Rxc7 {[%clk 00:59:48]}
{[%emt 00:00:42]} Rd2 {[%clk 00:12:39]} {[%emt 00:00:27]} 30. Rxa7 {[%clk
00:58:53]} {[%emt 00:01:24]} Bb4 {[%clk 00:12:29]} {[%emt 00:00:40]} 31. Be5
{[%clk 00:58:18]} {[%emt 00:01:06]} Bc3 {[%clk 00:11:57]} {[%emt 00:01:00]} 32.
Rxg7+ {[%clk 00:57:51]} {[%emt 00:00:58]} Kh8 {[%clk 00:12:19]} {[%emt
00:00:08]} 33. Rd7+ {[%clk 00:49:44]} {[%emt 00:08:37]} Kg8 {[%clk 00:11:48]}
{[%emt 00:01:02]} 34. Rd8+ {[%clk 00:49:50]} {[%emt 00:00:25]} Kf7 {[%clk
00:12:06]} {[%emt 00:00:11]} 35. Rxd4 {[%clk 00:47:51]} {[%emt 00:02:28]} Bxd4+
{[%clk 00:10:56]} {[%emt 00:01:41]} 36. Bxd4 {[%clk 00:47:55]} {[%emt
00:00:26]} Rxd3 {[%clk 00:11:20]} {[%emt 00:00:06]} 37. Bc5 {[%clk 00:48:14]}
{[%emt 00:00:10]} Rd1+ {[%clk 00:10:16]} {[%emt 00:01:34]} 38. Kh2 {[%clk
00:48:17]} {[%emt 00:00:27]} Rd2 {[%clk 00:09:10]} {[%emt 00:01:37]} 39. a4
{[%clk 00:47:51]} {[%emt 00:00:56]} Rd5 {[%clk 00:08:31]} {[%emt 00:01:07]} 40.
b4 {[%clk 00:47:59]} {[%emt 00:00:24]} Ke6 {[%clk 00:08:28]} {[%emt 00:00:32]}
41. a5 {[%clk 00:47:42]} {[%emt 00:00:47]} Kd7 {[%clk 00:08:35]} {[%emt
00:00:23]} 42. Kg3 {[%clk 00:47:13]} {[%emt 00:00:59]} Rg5+ {[%clk 00:08:35]}
{[%emt 00:00:29]} 43. Kf3 {[%clk 00:46:53]} {[%emt 00:00:49]} Kc6 {[%clk
00:07:51]} {[%emt 00:01:15]} 44. h4 {[%clk 00:46:51]} {[%emt 00:00:30]} Rg8
{[%clk 00:07:59]} {[%emt 00:00:24]} 45. g3 {[%clk 00:46:46]} {[%emt 00:00:35]}
Kb5 {[%clk 00:08:09]} {[%emt 00:00:19]} 46. Kf4 {[%clk 00:46:59]} {[%emt
00:00:18]} h5 {[%clk 00:08:03]} {[%emt 00:00:37]} 47. Kf3 {[%clk 00:46:26]}
{[%emt 00:01:03]} Rg4 {[%clk 00:07:27]} {[%emt 00:01:05]} 48. Bd6 {[%clk
00:46:05]} {[%emt 00:00:50]} Ka6 {[%clk 00:06:21]} {[%emt 00:01:38]} 49. Ke3
{[%clk 00:45:26]} {[%emt 00:01:08]} Rc4 {[%clk 00:03:35]} {[%emt 00:03:15]} 50.
Kd3 {[%clk 00:44:36]} {[%emt 00:01:21]} Rc8 {[%clk 00:03:16]} {[%emt 00:00:49]}
51. Kd4 {[%clk 00:44:21]} {[%emt 00:00:46]} Rg8 {[%clk 00:15:13]} {[%emt
00:03:32]} 52. Kc5 {[%clk 00:58:57]} {[%emt 00:00:53]} Rc8+ {[%clk 00:15:31]}
{[%emt 00:00:14]} 53. Kd5 {[%clk 00:59:13]} {[%emt 00:00:15]} Kb5 {[%clk
00:15:19]} {[%emt 00:00:41]} 54. Ke6 {[%clk 00:59:27]} {[%emt 00:00:16]} Rc4
{[%clk 00:14:04]} {[%emt 00:01:43]} 55. Kf5 {[%clk 00:57:10]} {[%emt 00:02:48]}
Rg4 {[%clk 00:13:59]} {[%emt 00:00:34]} 56. Bc7 {[%clk 00:53:48]} {[%emt
00:03:54]} Ka6 {[%clk 00:13:30]} {[%emt 00:00:58]} 57. Bd8 {[%clk 00:51:48]}
{[%emt 00:02:31]} Rxg3 {[%clk 00:11:15]} {[%emt 00:02:44]} 58. Bg5 {[%clk
00:51:27]} {[%emt 00:00:52]} Rb3 {[%clk 00:11:11]} {[%emt 00:00:33]} 59. Be7
{[%clk 00:49:22]} {[%emt 00:02:36]} Rg3 {[%clk 00:10:53]} {[%emt 00:00:42]} 60.
Bd6 {[%clk 00:47:31]} {[%emt 00:02:25]} Rg4 {[%clk 00:10:18]} {[%emt 00:01:08]}
61. Be7 {[%clk 00:47:24]} {[%emt 00:00:37]} Rg3 {[%clk 00:10:20]} {[%emt
00:00:27]} 62. Bg5 {[%clk 00:47:22]} {[%emt 00:00:32]} Rg4 {[%clk 00:10:04]}
{[%emt 00:00:47]} 63. Kg6 {[%clk 00:46:51]} {[%emt 00:01:00]} Rxb4 {[%clk
00:10:10]} {[%emt 00:00:26]} 64. Kxh5 {[%clk 00:43:34]} {[%emt 00:04:09]} Rxh4+
{[%clk 00:10:34]} {[%emt 00:00:08]} 65. Bxh4 {[%clk 00:43:28]} {[%emt
00:00:36]} Kxa5 {[%emt 00:00:05]} 1/2-1/2